Amber Brown is not a crayon / (Record no. 342009)
[ view plain ]
| 000 -LEADER | |
|---|---|
| fixed length control field | 00488nam a2200193Ia 4500 |
| 008 - FIXED-LENGTH DATA ELEMENTS--GENERAL INFORMATION | |
| fixed length control field | 170918s9999 xx 000 0 und d |
| 020 ## - INTERNATIONAL STANDARD BOOK NUMBER | |
| International Standard Book Number | 9780590458993 |
| 050 ## - LIBRARY OF CONGRESS CALL NUMBER | |
| Item number | D199 1994 |
| 100 ## - MAIN ENTRY--PERSONAL NAME | |
| Personal name | Danziger, Paula |
| 245 ## - TITLE STATEMENT | |
| Title | Amber Brown is not a crayon / |
| 245 ## - TITLE STATEMENT | |
| Statement of responsibility, etc | Paula Danzinger ; illustrated by Tony Ross. |
| 260 ## - PUBLICATION, DISTRIBUTION, ETC. (IMPRINT) | |
| Place of publication, distribution, etc | New York : |
| 260 ## - PUBLICATION, DISTRIBUTION, ETC. (IMPRINT) | |
| Name of publisher, distributor, etc | Scholastic, |
| 260 ## - PUBLICATION, DISTRIBUTION, ETC. (IMPRINT) | |
| Date of publication, distribution, etc | 1994 |
| 300 ## - PHYSICAL DESCRIPTION | |
| Extent | 80 pages : |
| 300 ## - PHYSICAL DESCRIPTION | |
| Other physical details | colored illustration ; |
| 300 ## - PHYSICAL DESCRIPTION | |
| Dimensions | 19cm. |
| 500 ## - GENERAL NOTE | |
| General note | 720 |
| Withdrawn status | Lost status | Damaged status | Home library | Current library | Date acquired | Total Checkouts | Full call number | Barcode | Date last seen | Price effective from | Koha item type |
|---|---|---|---|---|---|---|---|---|---|---|---|
| Stonyhurst Southville International School (Malarayat) | Stonyhurst Southville International School (Malarayat) | 09/18/2017 | LEX D199 1994 | SSISM1081 | 09/18/2017 | 09/18/2017 | Lexile |